Phong thủy: Quan niệm của người Trung Quốc về môi trường sống
Gardado en:
| Autor Principal: | |
|---|---|
| Formato: | Libro |
| Idioma: | Undetermined |
| Publicado: |
Đà Nẵng
Đà Nẵng
2001
|
| Những chủ đề: | |
| Các nhãn: |
Engadir etiqueta
Sen Etiquetas, Sexa o primeiro en etiquetar este rexistro!
|
| Thư viện lưu trữ: | Trung tâm Học liệu Trường Đại học Cần Thơ |
|---|
| LEADER | 00579nam a2200169Ia 4500 | ||
|---|---|---|---|
| 001 | CTU_44134 | ||
| 008 | 210402s9999 xx 000 0 und d | ||
| 082 | |a 133.33 | ||
| 082 | |b L120 | ||
| 100 | |a Lưu Bái Lâm | ||
| 245 | 0 | |a Phong thủy: Quan niệm của người Trung Quốc về môi trường sống | |
| 245 | 0 | |c Lưu Bái Lâm; Dịch giả: Đinh Công Kỳ | |
| 260 | |a Đà Nẵng | ||
| 260 | |b Đà Nẵng | ||
| 260 | |c 2001 | ||
| 650 | |a feng-shui,geomancy,philosophy, chinese | ||
| 980 | |a Trung tâm Học liệu Trường Đại học Cần Thơ | ||